000 00482cam a2200193 4500
001 D5258
008 090401t1954 xxu||||| |||| 00| 0 eng d
035 _a(Sirsi) u42306
041 _aeng
050 _a333.332
100 _aGuest, C.W.G.
245 _aGuest on valuation, revised and in part rewritten by J.R. Fiddes and Joan Smith
250 _a2nd
260 _aLondon
_bHodge
_c1954
300 _axxxv. 322p. 25cm
350 _a3.22
942 _n0
948 _c04/03/1997
999 _c91068
_d91068